An introduction to chromatography on impregnated glass fiber
Збережено в:
| Автор: | |
|---|---|
| Формат: | Книга |
| Мова: | Іспанська |
| Опубліковано: |
Ann Arbor
Ann Arbor Science Publishers
1969
|
| Предмети: | |
| Теги: |
Додати тег
Немає тегів, Будьте першим, хто поставить тег для цього запису!
|
MARC
| LEADER | 00000nam a2200000 a 4500 | ||
|---|---|---|---|
| 001 | UCR4974 | ||
| 003 | CL-VaPUC | ||
| 008 | 980320e19690000us |||||||||||||||||spa|d | ||
| 082 | 0 | 4 | |a 544.92 |b HAE |2 21 |
| 100 | 0 | |a Haer, Frederick |e author |9 405619 | |
| 245 | 1 | 3 | |a An introduction to chromatography on impregnated glass fiber |
| 300 | |a 187 p | ||
| 942 | |c BK | ||
| 945 | |d 19980320 00:00:00 |a crobeson | ||
| 260 | |a Ann Arbor |b Ann Arbor Science Publishers |c 1969 | ||
| 650 | 0 | |a Cromatografía |9 263967 | |
| 650 | 0 | |a Química analítica |9 259648 | |
| 650 | 7 | |a COLORMETRIA |2 CL-VaPUC |9 360780 | |
| 650 | 0 | |a Análisis espectroscópico |9 356865 | |
| 583 | |a last modification |c 20150430 03:44:58 |k Rodrigo Vera | ||
| 999 | |c 267749 |d 267747 | ||
| 952 | |0 0 |1 0 |4 0 |6 544_920000000000000_HAE_1969 |7 0 |8 A |9 300261 |a BIBALI |b BIBALI |c GEN |d 2019-11-20 |i 196903K |o 544.92 HAE 1969 |p 196903K |r 2025-01-20 |w 2019-11-20 |y BK |k ALI | ||
| 952 | |0 0 |1 0 |4 0 |6 544_920000000000000_HAE_1969 |7 0 |8 A |9 300262 |a BIBALI |b BIBALI |c GEN |d 2019-11-20 |i 1969048 |o 544.92 HAE 1969 |p 1969048 |r 2025-01-20 |w 2019-11-20 |y BK |k ALI | ||